000 00682nam a2200193Ia 4500
003 GCL
008 140319s9999 xx 000 0 ara d
040 _aGCL /
_cGCL
082 0 4 _aد
_b312
_bم ر
100 1 _aالجهاز المركزى للتعبئة العامة
245 1 0 _aالسكان بحوث ودراسات /
_cالجهاز المركزى للتعبئة العامة
700 1 _aمركز الابحاث والدراسات السكاني
260 _a[S.N] :
_bالمركز الاعلامى الكويتى ،
_c1988
300 _aمتعدد الترقيم
650 0 4 _aالاجتماع
650 0 4 _aالاحصاء
650 0 4 _aالسكان
942 _2ddc
_cCF
999 _c27451
_d27451